Capitals Without the Letters of “Dakar” - Statistics

General Stats
  • This quiz has been taken 4 times
  • The average score is 9 of 15
Answer Stats
Continents Capitals % Correct
Europe Lisbon
100%
North America Mexico City
100%
Europe Oslo
100%
South America Quito
100%
Oceania Wellington
100%
Asia Beijing
75%
Europe Moscow
75%
Europe Vilnius
75%
Asia Seoul
50%
Asia Tbilisi
50%
Africa Tunis
50%
Africa Lilongwe
25%
Asia Phnom Penh
25%
Africa Lomé
0%
Asia Thimphu
0%
No matching quizzes found
Score Distribution
Percent of People with Each Score
Percentile by Number Answered
Your Score History
You have not taken this quiz